Statistics for Modern-Day Countries of the Roman Empire on a Map

Click here to take the quiz!

General Stats

  • This quiz has been taken 21,469 times
  • The average score is 47 of 50

Answer Stats

Country % Correct
France
100%
Italy
99%
Portugal
99%
Greece
99%
Spain
99%
United Kingdom
99%
Turkey
99%
Belgium
98%
Switzerland
98%
Egypt
98%
Germany
98%
Netherlands
97%
Austria
97%
Morocco
96%
Croatia
96%
Israel
96%
Romania
95%
Luxembourg
95%
Hungary
95%
Iraq
95%
Algeria
95%
Libya
94%
Serbia
94%
Syria
94%
Tunisia
94%
Slovenia
93%
Albania
93%
Vatican City
93%
Iran
93%
Bosnia and Herzegovina
93%
Bulgaria
93%
Cyprus
93%
Andorra
92%
Slovakia
92%
Saudi Arabia
92%
Jordan
92%
North Macedonia
92%
San Marino
91%
Malta
91%
Monaco
91%
Liechtenstein
91%
Kosovo
90%
Lebanon
90%
Russia
89%
Georgia
89%
Montenegro
89%
Ukraine
88%
Armenia
87%
Azerbaijan
85%
Kuwait
80%

Score Distribution

Percentile by Number Answered

Percent of People with Each Score

Your Score History

You have not taken this quiz